Países Comunistas - Statistics

Estatísticas Gerais
  • Esse quiz foi jogado 21 767 vezes
  • A pontuação média é 10 de 26
Estatísticas das Respostas
Anos País % Correto
1949 - presente China
92%
1959 - presente Cuba
88%
1922 - 1991 União Soviética
85%
1948 - 2009 Coreia do Norte
84%
1976 - presente Vietnã
63%
1945 - 1976 Vietnã do Norte
54%
1944 - 1989 Polônia
44%
1975 - presente Laos
43%
1945 - 1991 Iugoslávia
42%
1949 - 1990 Alemanha Oriental
35%
1975 - 1992 Angola
35%
1979 - 1989 Camboja
34%
1924 - 1992 Mongólia
33%
1947 - 1989 Romênia
33%
1949 - 1989 Hungria
32%
1946 - 1990 Bulgária
29%
1978 - 1992 Afeganistão
27%
1975 - 1990 Moçambique
27%
1948 - 1990 Tchecoslováquia
27%
1946 - 1992 Albânia
25%
1970 - 1991 República do Congo
22%
1987 - 1991 Etiópia
15%
1969 - 1991 Somália
15%
1967 - 1990 Iêmen do Sul
9%
1975 - 1990 Benim
5%
1979 - 1983 Granada
5%
Nenhum quiz correspondente encontrado
Distribuição das Pontuações
Porcentagem de Pessoas com Cada Pontuação
Percentil de Números Respondidos
Sua Pontuação Histórica
Você não jogou esse quiz